| 000 | 00504cam a2200193ua 4500 | ||
|---|---|---|---|
| 020 | _cRs 10.00 | ||
| 041 |
_amal _h |
||
| 082 |
_a894.812 301 _bVAR/TH |
||
| 100 | _aVarkey, Ponkunnam. | ||
| 245 |
_aTheranjedutha kathakal / _cPonkunnam Varkey. _hTextual Documents |
||
| 250 |
_a1 / _b. |
||
| 260 |
_aKottayam : _bSahitya Pravarthaka Co-operative Society , _c1968. |
||
| 300 | _a382 ; . | ||
| 365 | _aRs 10.00 | ||
| 504 | _a | ||
| 942 | _cBK | ||
| 999 |
_c4138 _d4138 |
||